000 00364nam a2200181Ia 4500
003 IT-RoPAU
008 120407s9999 xx 000 0 und d
040 _aIT-RoPAU
040 _cIT-RoPAU
245 _aEnciclopedia universale
245 _cAA.VV.
250 _aMilano
260 _aGarzanti
300 _c cm
490 _v2
942 _cBK
999 _c6437
_d6437